[Event "Ricany op-A"]
[Site "Ricany"]
[Date "2008.08.30"]
[Round "9"]
[White "Rmoutil, Martin"]
[Black "Lexa, Vaclav"]
[Result "1-0"]
[WhiteElo "1988"]
[BlackElo "1937"]
[PlyCount "39"]
[EventDate "2008.08.23"]
[EventType "swiss"]
[EventRounds "9"]
[EventCountry "CZE"]
[SourceTitle "EXT 2009"]
[Source "ChessBase"]
[SourceDate "2008.11.26"]
[SourceVersion "1"]
[SourceVersionDate "2008.11.26"]
[SourceQuality "1"]

1. e4 c5 2. Nf3 d6 3. d4 cxd4 4. Nxd4 Nf6 5. Nc3 a6 6. Bc4 e6 7. Bb3 Be7 8. f4 Qc7 9. 0-0 0-0 10. Kh1 Bd7 11. f5 e5 12. Nf3 Bc6 13. Qe2 b5 14. a3 Qb7 15. Bg5 Nxe4 16. Nxe4 Bxe4 17. Bxe7 Bxf3 18. Qxf3 e4 19. Qg3 Re8 20. Bf6 1-0

[Event "Ricany op-A"]
[Site "Ricany"]
[Date "2008.08.28"]
[Round "7"]
[White "Rmoutil, Martin"]
[Black "Adamik, Frantisek"]
[Result "0-1"]
[WhiteElo "1988"]
[BlackElo "1921"]
[PlyCount "54"]
[EventDate "2008.08.23"]
[EventType "swiss"]
[EventRounds "9"]
[EventCountry "CZE"]
[SourceTitle "CBM 126 Extra"]
[Source "ChessBase"]
[SourceDate "2008.11.05"]
[SourceVersion "1"]
[SourceVersionDate "2008.11.05"]
[SourceQuality "1"]

1. e4 c5 2. Nf3 d6 3. d4 cxd4 4. Nxd4 Nf6 5. Nc3 a6 6. Bc4 b5 7. Bb3 Bb7 8. 0-0 Nbd7 9. f4 Nc5 10. e5 Nxb3 11. axb3 Ng8 12. e6 h5 13. Qd3 Nf6 14. f5 Qc7 15. Ncxb5 axb5 16. Qxb5+ Kd8 17. Rxa8+ Bxa8 18. Bd2 Qb7 19. Ba5+ Kc8 20. Qc4+ Kb8 21. Rf3 g5 22. Nb5 Qc6 23. Bc7+ Kb7 24. Qa4 Qa6 25. Qxa6+ Kxa6 26. Nxd6 exd6 27. Bd8 Bg7 0-1

[Event "Ricany op-A"]
[Site "Ricany"]
[Date "2008.08.25"]
[Round "4"]
[White "Rutter, Lidmila"]
[Black "Rmoutil, Martin"]
[Result "1-0"]
[WhiteElo "1893"]
[BlackElo "1988"]
[PlyCount "51"]
[EventDate "2008.08.23"]
[EventType "swiss"]
[EventRounds "9"]
[EventCountry "CZE"]
[SourceTitle "CBM 126 Extra"]
[Source "ChessBase"]
[SourceDate "2008.11.05"]
[SourceVersion "1"]
[SourceVersionDate "2008.11.05"]
[SourceQuality "1"]

1. e4 e6 2. d4 d5 3. exd5 exd5 4. Bf4 Nf6 5. Bd3 Be7 6. Nf3 Bg4 7. Nbd2 0-0 8. 0-0 Nbd7 9. c3 Bh5 10. Qc2 Bg6 11. Rfe1 Bxd3 12. Qxd3 Re8 13. Re2 Nf8 14. Qb5 Qc8 15. Rae1 Ne6 16. Bg3 c6 17. Qd3 Nh5 18. Qc2 Nxg3 19. hxg3 Bf6 20. Ne5 Qc7 21. Qf5 Qd8 22. Nxf7 Kxf7 23. Rxe6 Rxe6 24. Qxe6+ Kf8 25. Nf3 Qe7 26. Qf5 1-0

[Event "Ricany op-A"]
[Site "Ricany"]
[Date "2007.09.01"]
[Round "9"]
[White "Rmoutil, Martin"]
[Black "Drabek, Vojtech"]
[Result "0-1"]
[WhiteElo "2002"]
[BlackElo "2142"]
[PlyCount "68"]
[EventDate "2007.08.25"]
[EventType "swiss"]
[EventRounds "9"]
[EventCountry "CZE"]
[SourceTitle "EXT 2008"]
[Source "ChessBase"]
[SourceDate "2007.11.25"]
[SourceVersion "1"]
[SourceVersionDate "2007.11.25"]
[SourceQuality "1"]

1. e4 c5 2. Nf3 d6 3. d4 cxd4 4. Nxd4 Nf6 5. Nc3 g6 6. Bc4 Bg7 7. 0-0 0-0 8. Be3 Ng4 9. Bg5 Nc6 10. Nxc6 bxc6 11. Qd2 h6 12. Bf4 Kh7 13. Rad1 Qa5 14. Bb3 Ba6 15. Rfe1 Rad8 16. h3 Ne5 17. Ne2 Qc7 18. Be3 Nc4 19. Bxc4 Bxc4 20. b3 Ba6 21. Bd4 e5 22. Bc3 Qc8 23. Bb4 f5 24. Nc3 Rf7 25. Ba5 Rdd7 26. Na4 fxe4 27. Rxe4 d5 28. Rg4 c5 29. Qc3 Be2 30. Rd2 Bxg4 31. hxg4 c4 32. Qh3 cxb3 33. axb3 Qc6 34. Re2 Qb5 0-1

[Event "Ricany op-A"]
[Site "Ricany"]
[Date "2007.08.31"]
[Round "8"]
[White "Purnoch, Josef"]
[Black "Rmoutil, Martin"]
[Result "1-0"]
[WhiteElo "2184"]
[BlackElo "2002"]
[PlyCount "45"]
[EventDate "2007.08.25"]
[EventType "swiss"]
[EventRounds "9"]
[EventCountry "CZE"]
[SourceTitle "EXT 2008"]
[Source "ChessBase"]
[SourceDate "2007.11.25"]
[SourceVersion "1"]
[SourceVersionDate "2007.11.25"]
[SourceQuality "1"]

1. d4 d5 2. c4 c6 3. Nf3 e6 4. Nc3 Nf6 5. Bg5 dxc4 6. a4 Nbd7 7. e4 Qa5 8. Bd2 Qc7 9. Bxc4 Be7 10. 0-0 0-0 11. e5 Nd5 12. Rc1 N7b6 13. Ba2 a5 14. Ne4 Re8 15. Bb1 Nd7 16. Nfg5 Nf8 17. Qh5 Bxg5 18. Bxg5 Ng6 19. Rc3 f5 20. Rh3 fxe4 21. Qxh7+ Kf7 22. Bxe4 Nde7 23. Bxg6+ 1-0

[Event "Klatovy op-A"]
[Site "Klatovy"]
[Date "2005.07.07"]
[Round "6"]
[White "Vybiral, Zdenek"]
[Black "Rmoutil, Martin"]
[Result "1-0"]
[WhiteElo "2206"]
[BlackElo "2005"]
[PlyCount "47"]
[EventDate "2005.07.02"]
[EventType "swiss"]
[EventRounds "9"]
[EventCountry "CZE"]
[SourceTitle "CBM 107 Extra"]
[Source "ChessBase"]
[SourceDate "2005.09.01"]
[SourceVersion "1"]
[SourceVersionDate "2005.09.01"]
[SourceQuality "1"]

1. d4 d5 2. c4 e6 3. Nc3 Nf6 4. cxd5 exd5 5. Bg5 Be7 6. e3 0-0 7. Bd3 c6 8. Qc2 Nbd7 9. Nf3 Re8 10. h3 Nf8 11. Bf4 Ne6 12. Be5 g6 13. 0-0-0 Ng7 14. g4 b6 15. Rhg1 Bd6 16. Kb1 Bxe5 17. Nxe5 Bb7 18. h4 c5 19. h5 c4 20. hxg6 Rxe5 21. gxf7+ Kxf7 22. dxe5 cxd3 23. Qxd3 Nd7 24. f4 1-0

[Event "Klatovy op-A"]
[Site "Klatovy"]
[Date "2005.07.06"]
[Round "5"]
[White "Rmoutil, Martin"]
[Black "Framberk, Jan"]
[Result "1/2-1/2"]
[WhiteElo "2005"]
[BlackElo "2042"]
[PlyCount "75"]
[EventDate "2005.07.02"]
[EventType "swiss"]
[EventRounds "9"]
[EventCountry "CZE"]
[SourceTitle "CBM 107 Extra"]
[Source "ChessBase"]
[SourceDate "2005.09.01"]
[SourceVersion "1"]
[SourceVersionDate "2005.09.01"]
[SourceQuality "1"]

1. d4 Nf6 2. c4 e5 3. dxe5 Ng4 4. Bf4 Nc6 5. Nf3 Bb4+ 6. Nbd2 Qe7 7. a3 Bxd2+ 8. Qxd2 Ngxe5 9. Nxe5 Nxe5 10. e3 a5 11. Qc3 f6 12. b3 Qc5 13. Qd4 Qe7 14. Be2 d6 15. 0-0 Bd7 16. b4 c5 17. Qc3 axb4 18. axb4 0-0 19. b5 Be6 20. e4 Qc7 21. Be3 Qf7 22. Rac1 Ra4 23. Qc2 Rfa8 24. Rfd1 Ra2 25. Qc3 Rxe2 26. Ra1 Rea2 27. Rxa2 Rxa2 28. Rxd6 h6 29. Bxc5 Bxc4 30. f4 Qg6 31. Bf2 Qxe4 32. fxe5 Rxf2 33. Kxf2 Qe2+ 34. Kg3 fxe5 35. Qf3 Qxf3+ 36. Kxf3 Bxb5 37. Re6 Bc6+ 38. Kf2 1/2-1/2

[Event "Prague ProMoPro op"]
[Site "Prague"]
[Date "2004.09.16"]
[Round "6"]
[White "Rmoutil, Martin"]
[Black "Nepustil, Frantisek"]
[Result "0-1"]
[WhiteElo "2007"]
[BlackElo "1979"]
[PlyCount "68"]
[EventDate "2004.09.11"]
[EventType "swiss"]
[EventRounds "9"]
[EventCountry "CZE"]
[SourceTitle "CBM 102 Extra"]
[Source "ChessBase"]
[SourceDate "2004.11.03"]
[SourceVersion "1"]
[SourceVersionDate "2004.11.03"]
[SourceQuality "1"]

1. d4 Nf6 2. c4 c5 3. d5 e5 4. Nc3 d6 5. e4 g6 6. Nf3 Bg7 7. Be2 0-0 8. 0-0 Na6 9. a3 Nh5 10. Rb1 Nf4 11. b4 b6 12. Re1 f5 13. b5 Nc7 14. a4 Nxe2+ 15. Qxe2 f4 16. a5 g5 17. Kh1 g4 18. Ng1 Qh4 19. f3 Rf6 20. fxg4 Bxg4 21. Nf3 Qh5 22. Ra1 Rh6 23. axb6 axb6 24. Rxa8+ Nxa8 25. Bd2 Bf6 26. Ra1 Nc7 27. Ra7 Bh4 28. Kg1 Bg3 29. hxg3 Qh1+ 30. Kf2 Rh2 31. Qf1 fxg3+ 32. Ke1 Bxf3 33. Rxc7 Qxf1+ 34. Kxf1 Rh1# 0-1

[Event "Klatovy op-A"]
[Site "Klatovy"]
[Date "2004.07.06"]
[Round "4"]
[White "Polak, Benedikt"]
[Black "Rmoutil, Martin"]
[Result "1/2-1/2"]
[WhiteElo "2092"]
[BlackElo "2007"]
[PlyCount "37"]
[EventDate "2004.07.03"]
[EventType "swiss"]
[EventRounds "9"]
[EventCountry "CZE"]
[SourceTitle "CBM 101 Extra"]
[Source "ChessBase"]
[SourceDate "2004.09.01"]
[SourceVersion "2"]
[SourceVersionDate "2004.09.01"]
[SourceQuality "1"]

1. c4 e6 2. Nc3 Nf6 3. Nf3 d5 4. d4 Be7 5. Bg5 Nbd7 6. cxd5 exd5 7. e3 0-0 8. Bd3 Re8 9. 0-0 Nf8 10. Qc2 c6 11. Bxf6 Bxf6 12. b4 Bg4 13. Nd2 Rc8 14. Bf5 Bxf5 15. Qxf5 Ne6 16. Rfc1 g6 17. Qd3 Qd6 18. Rab1 b5 19. Rc2 1/2-1/2

[Event "Klatovy op-A"]
[Site "Klatovy"]
[Date "2004.07.03"]
[Round "1"]
[White "Rmoutil, Martin"]
[Black "Trmal, Jaroslav"]
[Result "1/2-1/2"]
[WhiteElo "2007"]
[BlackElo "2272"]
[PlyCount "116"]
[EventDate "2004.07.03"]
[EventType "swiss"]
[EventRounds "9"]
[EventCountry "CZE"]
[SourceTitle "CBM 101 Extra"]
[Source "ChessBase"]
[SourceDate "2004.09.01"]
[SourceVersion "2"]
[SourceVersionDate "2004.09.01"]
[SourceQuality "1"]

1. d4 d5 2. Nf3 c6 3. g3 Nf6 4. Bg2 Bf5 5. 0-0 h6 6. Nbd2 e6 7. Ne5 Nbd7 8. f4 Be7 9. e3 Bh7 10. b3 Qa5 11. Nxd7 Nxd7 12. Bb2 Ba3 13. Bxa3 Qxa3 14. Qc1 Qxc1 15. Raxc1 Nf6 16. Rfe1 Be4 17. c4 Kd7 18. Rc3 h5 19. h3 Rhg8 20. Rec1 Bxg2 21. Kxg2 g5 22. Rf1 Ke7 23. f5 Rac8 24. Rcc1 c5 25. Rce1 dxc4 26. bxc4 Rgd8 27. Nb3 cxd4 28. exd4 Rxc4 29. fxe6 fxe6 30. Nc5 Rd6 31. Re5 g4 32. Rg5 Rc2+ 33. Kh1 Rxd4 34. Rg7+ Kd6 35. Nxb7+ Kc6 36. Na5+ Kb6 37. Nb3 Rd3 38. Rg6 Nd5 39. Rxe6+ Kb5 40. Re5 h4 41. hxg4 hxg3 42. Kg1 Kb4 43. g5 Ka3 44. g6 g2 45. Rf2 Rxf2 46. Kxf2 Rg3 47. Re1 Rxg6 48. Rg1 Nf4 49. Kf3 Rf6 50. Ke4 Kxa2 51. Nd4 a5 52. Nf5 Ng6 53. Rxg2+ Ka3 54. Rg3+ Kb4 55. Ne3 Rc6 56. Nd5+ Kb5 57. Rb3+ Ka6 58. Kd4 Nf8 1/2-1/2